000 00399nam a2200181Ia 4500
005 20250423100827.0
008 250422s9999 xx 000 0 und d
020 _a9788189479275
050 _aKM 201 .S3/
100 _aSaxena,N
245 0 _aRight to food
250 _a3rd ed.
260 _aIndia
260 _bHuman rights law network
260 _c2003
300 _a504 p
942 _cBK
999 _c34459
_d34459